000
00291nam a2200121Ia 4500
008
170620s9999 xx 000 0 und d
100
_a
SIDDIQUI -ANEES AHMAD
245
0
_a
PHARMACEUTICAL ANALYSIS
260
_b
CBS- DELHI
260
_c
2006
300
_a
296
546
_a
English
690
_a
PHARMACEUTICAL ANALYSIS
999
_c
31027
_d
31027